| 000 | 00805cam a22002413a 4500 | ||
|---|---|---|---|
| 001 | 22731 | ||
| 003 | PGUSA | ||
| 005 | 20140828083502.0 | ||
| 008 | 070923s2007||||xxu|||||s|||||000 1 eng d | ||
| 040 |
_aPGUSA _beng |
||
| 042 | _adc | ||
| 050 | 4 | _aPS | |
| 100 | 1 |
_aQuigg, Lemuel Ely, _d1863-1919 |
|
| 245 | 1 | 0 |
_aTin-Types Taken in the Streets of New York : _bA Series of Stories and Sketches Portraying Many Singular Phases of Metropolitan Life _h[electronic resource] / _cLemuel Ely Quigg |
| 260 |
_bProject Gutenberg, _c2007 |
||
| 506 | _aPublic domain in the USA. | ||
| 516 | _aElectronic text | ||
| 653 | _aNew York (N.Y.) -- Social life and customs -- Fiction | ||
| 700 | 1 | _aBeard, Harry | |
| 830 | 0 |
_aProject Gutenberg _v22731 |
|
| 856 | 4 | 0 | _uhttp://www.gutenberg.org/ebooks/22731 |
| 942 | _cEB | ||
| 999 |
_c251986 _d251986 |
||